000 01920nam0a2200313 4500
001 RU\NLR\BIBL_A\011379754
005 20241114202426.0
010 _a9785780711865
_921
021 _aRU
_b2017-24015
_91777
035 _a(RuMoRGB)008845806
035 _a(NLR Aleph) 011379754
090 _a11394566
_c11394566
100 _a20170502d2016 u y0rusy50 ca
101 0 _arus
102 _aRU
105 _a||||zzzz0|||y
200 1 _aПрикладная компьютерная химия
_eучебное пособие
_eдля студентов 5 курса биолого-химического факультета (квалификация "Специалист", направление подготовки 020201.65 Фундаментальная и прикладная химия)
_fН. И. Гиричева
_gМинистерство образования и науки Российской Федерации, ФГБОУ ВО "Ивановский государственный университет"
210 _aИваново
_cИвановский государственный университет
_d2016
215 _a117 с.
_cил.
_d21
313 _aРасчет молекул
320 _aБиблиогр.: с. 114 (10 назв.)
606 _aМолекулы
_jУчебные издания для высших учебных заведений
_xСтроение
_xРасчет на компьютерах
_92293335
_3RU\NLR\AUTH\661373346
606 _aМолекулы
_jУчебные издания для высших учебных заведений
_xЭлектронное строение
_xИсследование
_xХартри-Фока-Рутана метод
_92330972
_3RU\NLR\AUTH\6601618107
686 1 _aГ511.22я73-1
700 1 _aГиричева
_bН. И.
_gНина Ивановна
942 _cBOOK
980 _aNBR